000 00422nam a2200157Ia 4500
008 221030s9999 xx 000 0 und d
020 _a8120310535
041 _aEnglish
082 _a105.23
_bCom
100 _aD. E. Comer
245 0 _aInternetworking with TCP/IP Vol. I
_bPrinciples, Protocols, & architeture
_cby D. E. Comer
260 _bPHI
_aNew Delhi
_c1999
300 _a613
650 _aBE Computer
942 _cBK
999 _c2346
_d2346